000 00650nam a2200277Ia 4500
005 20260324123740.0
008 008 260324s9999 xx 000 0 eng d
020 _a9780429105722
037 _aEBOOK
040 _aCRL
040 _beng
040 _cCRL
041 _2eng
041 _aeng
084 _qCRL
100 _aGeorge Tzanetakis; Tao Li; Mitsunori Ogihara
_91171504
245 0 _aMusic Data Mining
260 _bTaylor and Francis
260 _c2011
365 _a
365 _b225
856 _uhttp://www.taylorfrancis.com/books/9780429105722
942 _cEBOOK
999 _c1765286
_d1765286